| 000 | 01363nam a22002897a 4500 | ||
|---|---|---|---|
| 005 | 20180803170155.0 | ||
| 008 | 150917b2015 ck |||||r|||| 00| 0 spa d | ||
| 020 | _a9789588889177 | ||
| 040 |
_aCO-BoIAVH _cCO-BoIAVH |
||
| 041 | 0 | _aspa | |
| 044 | _ack | ||
| 082 | 0 | 4 |
_a615.321 _bD81c |
| 100 | 1 | _aDuarte Abadía, Bibiana | |
| 245 | 1 |
_aConocimientos del territorio, _bbuen vivir y usos de plantas en los páramos Guerrero y Rabanal / _cBibiana Duarte Abadía y Alejandra Osejo Varona |
|
| 260 |
_aBogotá (Colombia): _bInstituto de Investigación de Recursos Biológicos Alexander von Humboldt, _c2015. |
||
| 300 |
_a96 páginas : _bfotografías y mapas a color ; _c24 cm |
||
| 500 | _aIncluye glosario. | ||
| 505 | 0 | _aLa gente del páramo. Lugares del páramo en la vida campesina. Haciendo memoria del territorio. Conocimientos del territorio y las plantas en la vida campesina. Transformaciones de los conocimientos y aprovechamiento de las plantas para la salud. | |
| 650 | 4 |
_aPlantas útiles _vfichas técnicas |
|
| 650 | 6 | _aPlantas medicinales | |
| 650 | 4 |
_aRemedios tradicionales _xterapeútica |
|
| 650 | 4 | _aConocimiento tradicional | |
| 651 | 4 |
_aColombia _zPáramo de Guerrero |
|
| 651 | 4 |
_aColombia _zPáramo de Rabanal |
|
| 700 | 1 | _aOsejo Varona, Alejandra | |
| 942 |
_2ddc _cLIBRO _03 |
||
| 999 |
_c17774 _d17774 |
||